00608nam a22002177a 450000500170000001000130001702000100003003500130004003700160005304000120006908200150008110000170009624500730011325000150018626000440020127000570024530000300030265000190033265000160035170000230036720170124105950.0 aA-759383 c90.00 aA-759383 bCen Lib/Ret aDPLbEN a332.1bRED aReddy, P. N. aBanking theory and practice /cby P. N. Reddy [and] H. R. Appannaiah a4th rev ed aBombaybHimalaya Publishing Housec1995 a"Ramdoot" Dr. Bhalerao Marg, GirgaonbBombaye400004 avarious pagingsc22cm(Hb) aBanking Theory aBanking Law aAppannaiah, H. R.